KOHA-Header-6

Integrated advertising Promotion & Marketing Communications (Record no. 9925)

000 -LEADER
fixed length control field 00273nam a2200109Ia 4500
020 ## - INTERNATIONAL STANDARD BOOK NUMBER
ISBN 9788131709962
100 ## - MAIN ENTRY--AUTHOR NAME
Personal name Kenneth E.Clow
245 #0 - TITLE STATEMENT
Title Integrated advertising Promotion & Marketing Communications
260 ## - PUBLICATION, DISTRIBUTION, ETC. (IMPRINT)
Place of publication New Delhi
Name of publisher Dorling
Year of publication 2006
300 ## - PHYSICAL DESCRIPTION
Number of Pages 359
942 ## - ADDED ENTRY ELEMENTS (KOHA)
Koha item type Books
Holdings
Withdrawn status Lost status Collection code Permanent Location Current Location Shelving location Date acquired Full call number Accession Number Koha item type
    Marketing MAJU MAJU   2019-09-14 658.7 5965 Marketing

Powered by Koha